00530nam a2200181Ia 4500008004100000020001500041082002100056100002600077245002500103250000600128260003400134300001600168500002400184650001200208942000700220952010400227999001700331230524s9999 xx 000 0 und d a8188114332 a620.0042503bSRI aR.K.Srivastava942036 0aComputerAided Design a4 aNew DelhibUmesh Publi.c2008 a"XVI,473p;" aQuantity Number: 1 aComp-Sc cBK 00104070aTATCLbTATCLcGENd2023-05-24l0o620.0042502854 SRIp53890r2023-05-24w2023-05-24yBK c56452d56452